| 000 | 01172nam a2200289Ia 4500 | ||
|---|---|---|---|
| 001 | K0376 | ||
| 003 | IT-RoPAU | ||
| 008 | 130308s9999 xx 000 0 und d | ||
| 040 | _aIT-RoPAU | ||
| 040 | _cIT-RoPAU | ||
| 041 | _aITALIANO | ||
| 100 | _aKramrisch Stella | ||
| 100 | _gCodice Aut. SPICS: 60143 | ||
| 245 | _aArte dell'India (L') | ||
| 245 | _bArte dell'India (L') | ||
| 250 | _a1a ed. | ||
| 260 | _aLONDRA - FIRENZE | ||
| 260 | _bPhaidon Press - Sansoni | ||
| 260 | _c1957 [1° Ed.:1957 - Ed.Ling.Originale:1957] | ||
| 300 | _a"228 p. (prefazione: no ; testo: 228 [pagine: 0-0])" | ||
| 500 | _aTradizioni della scultura , Pittura e Architettura Indiana. Tradizioni Arte Indiana. Note Alle Tavole. 183 Illustrazioni in bianco e Nero e 8 tavole a Colori. | ||
| 650 | _aSTORIA UNIVERSALE DELLE ARTI VISIVE | ||
| 650 | _eCodice materia Spics: 5009 | ||
| 942 | _cBK | ||
| 957 | _71 | ||
| 999 |
_c77018 _d77018 |
||
| 999 | _g1 | ||